000 00670nam a2200229Ia 4500
003 OSt
005 20220925191457.0
006 a|||||r|||| 00| 0
007 ta
008 220923b |||||||| |||| 00| 0 eng d
037 _cGeneral Book
040 _aRTL
_cRTL
_beng
041 _2eng
_aeng
082 _aX9(D122).2.N95 - N94r, N5/GD
110 _aNational -Standard duncan. ltd.
245 0 _aAnnual report 1994-95.
260 _aBombay
_bNational-Standard duncan
_c1995
300 _a33p.
_ccm.
700 _aNational -Standard duncan. ltd.
942 _hX9(D122).2.N95 - N94r, N5/GD
_cGB
_2CC
999 _c518653
_d518653